Un juicio de piedra / (Registro nro. 8505)

Detalles MARC
000 -LIDER
fixed length control field 00727nam a22002777a 4500
001 - NÚMERO DE CONTROL
Identificador de número de control 077
003 - IDENTIFICACDOR DE NÚMERO DE CONTROL
control field DO-SdBNP
005 - DATE AND TIME OF LATEST TRANSACTION
control field 20180205154434.0
007 - CAMPOS FIJOS DE DESCRIPCIÓN FÍSICA
fixed length control field 077
008 - ELEMENTOS DE LONGITUD FIJA
fixed length control field 151005b1980 sp 00| 0 spa d
020 ## - ISBN
International Standard Book Number 8427900619
040 ## - FUENTE DE CATALOGACIÓN
Agencia que crea de manera original el registro BPMSU
Idioma de catalogación spa
Agencia que realiza la transcripción BPMSU
092 ## - LOCALLY ASSIGNED DEWEY DECIMAL CALL NUMBER
Número de clasificación XXXX
Número de ítem (Cutter) XXXX
100 1# - ASIENTO PRINCIPAL -- NOMBRE PERSONAL
Nombre personal Rendell, Ruth
240 10 - TITULO UNIFORME
Título uniforme A judgement in stone /
Idioma de una obra eng
245 13 - MENCIÓN DE TITULO
Título Un juicio de piedra /
Mención de responsabilidad Ruth Rendell ; traducción Adela Miró Sans
260 ## - PUBLICACIÓN, DISTRIBUCIÓN, ETC. (PIE DE IMPRENTA)
Lugar de publicación, distribución, etc Barcelona :
Nombre del editor, distribuidor, etc. Noguer,
Fecha de publicación, distribución, etc 1980.
300 ## - DESCRIPCIÓN FÍSICA
Extensión 207 p. :
Dimensiones 18 cm.
490 1# - MENCIÓN DE SERIES
Mención de serie El observador
Volume/sequential designation 17
700 12 - ASIENTO SECUNDARIO -- NOMBRE PERSONAL
Nombre personal Miró Sans, Adela
Mención de responsabilidad trad.
830 #0 - ASIENTO SECUNDARIO DE SERIE--TÍTULO UNIFORME
Título uniforme El observador
Número de la parte o sección de una obra 17
910 ## - VALIDACIÓN
Validación 202
942 ## - ADDED ENTRY ELEMENTS (KOHA)
Source of classification or shelving scheme Dewey Decimal Classification
Koha item type Libros
945 ## - INFORMACIÓN DE PROCESAMIENTO LOCAL
Información de procesamiento local Inventariado, 2018/ YL
956 ## - LOCAL ELECTRONIC LOCATION AND ACCESS (OCLC)
Nombre de host YLOCKWARD
Número de acceso 10
Información de compresión BPMSU
Existencias
Withdrawn status Lost status Source of classification or shelving scheme Damaged status Not for loan Collection code Home library Current library Date acquired Source of acquisition Total Checkouts Barcode Date last seen Price effective from Koha item type
    Dewey Decimal Classification     Colección General Biblioteca Pública Metropolitana Salomé Ureña Biblioteca Pública Metropolitana Salomé Ureña 11/02/2015 Donación   BPMSU15110006 11/02/2015 11/02/2015 Libros